Introduction to solid state physics
Αποθηκεύτηκε σε:
| Κύριος συγγραφέας: | |
|---|---|
| Μορφή: | Βιβλίο |
| Γλώσσα: | Undetermined |
| Έκδοση: |
John Wiley & Sons
1996
|
| Ετικέτες: |
Προσθήκη ετικέτας
Δεν υπάρχουν, Καταχωρήστε ετικέτα πρώτοι!
|
| Thư viện lưu trữ: | Trung tâm Học liệu Trường Đại học Cần Thơ |
|---|
| LEADER | 00541nam a2200169Ia 4500 | ||
|---|---|---|---|
| 001 | CTU_49339 | ||
| 008 | 210402s9999 xx 000 0 und d | ||
| 082 | |a 530.41 | ||
| 082 | |b K62 | ||
| 100 | |a Kittel, Charles | ||
| 245 | 0 | |a Introduction to solid state physics | |
| 245 | 0 | |c Charles Kittel | |
| 260 | |b John Wiley & Sons | ||
| 260 | |c 1996 | ||
| 526 | |a Vật lý chất rắn,Vật lý chất rắn,Lý thuyết chất rắn | ||
| 526 | |b SP357,TNL603,TN670 | ||
| 980 | |a Trung tâm Học liệu Trường Đại học Cần Thơ | ||